Quick! Tell The Time - Statistics

General Stats
  • This quiz has been taken 656 times
  • The average score is 18 of 24
Answer Stats
Hint Answer % Correct
πŸ•› 12:00
85%
πŸ•‘ 2:00
84%
πŸ•’ 3:00
83%
πŸ•˜ 9:00
82%
πŸ•“ 4:00
81%
πŸ• 1:00
80%
πŸ•š 11:00
80%
πŸ• 2:30
79%
πŸ•– 7:00
79%
πŸ•” 5:00
78%
πŸ•‘ 6:30
78%
πŸ•™ 10:00
77%
πŸ•• 6:00
77%
πŸ•— 8:00
77%
πŸ•’ 7:30
76%
πŸ•ž 3:30
75%
πŸ•Ÿ 4:30
74%
πŸ•₯ 10:30
73%
πŸ•€ 9:30
73%
πŸ•œ 1:30
70%
πŸ•  5:30
70%
πŸ•£ 8:30
67%
πŸ•§ 12:30
66%
πŸ•¦ 11:30
62%
No matching quizzes found
Score Distribution
Percent of People with Each Score
Percentile by Number Answered
Your Score History
You have not taken this quiz